| 000 | 00405nam a2200157Ia 4500 | ||
|---|---|---|---|
| 008 | 221030s9999 xx 000 0 und d | ||
| 020 | _a007049939X | ||
| 041 | _aEnglish | ||
| 082 |
_a105.23 _bMar |
||
| 100 | _aJ. C. Martin | ||
| 245 | 0 |
_aIntroduction to Languages & The Theory of Computation _cby J. C. Martin |
|
| 260 |
_bTMH _aNew Delhi _c2003 |
||
| 300 | _a543 | ||
| 650 | _aBE Computer | ||
| 942 | _cBK | ||
| 999 |
_c3436 _d3436 |
||